Química analítica cuantitativa
| Main Authors: | , |
|---|---|
| Format: | Section = Libro |
| Language: | Undetermined Spanish |
| Published: |
México
Prentice Hall
1989
|
| Edition: | 5a.ed. |
| Subjects: |
| LEADER | 00504nam a2200205Ia 4500 | ||
|---|---|---|---|
| 008 | 240829s9999 xx 000 0 und d | ||
| 020 | |a 968-880-124-0 | ||
| 040 | |a BIBLIOTECA-RUSB/ 543 D273 | ||
| 041 | |a spa | ||
| 082 | |a 543 D273 | ||
| 100 | 1 | |a Day, R.A | |
| 100 | 1 | |b Underwood, A.L. | |
| 245 | 1 | 0 | |a Química analítica cuantitativa |
| 250 | |a 5a.ed. | ||
| 260 | |a México |b Prentice Hall |c 1989 | ||
| 300 | |a 841 p. :il. | ||
| 650 | 7 | |a QUIMICA ANALITICA | |
| 942 | |c BK |2 ddc | ||
| 991 | |a TEXTO | ||
| 999 | |c 2420 | ||